000 00330nam a22001337a 4500
008 180226b xxu||||| |||| 00| 0 eng d
020 _a020507961-X
041 _aeng
080 _a159.9
100 _a48
101 _aPSI
245 _aSelf and society a symbolic interactionist social psychology
_cHewitt,J,P
942 _2udc
_cBK
999 _c43432
_d43432